书目信息 |
| 题名: |
现代无机合成
|
|
| 作者: | 刘祖武 编著 | |
| 分册: | ||
| 出版信息: | 北京 化学工业出版社 1999 |
|
| 页数: | 222 | |
| 开本: | 26cm | |
| 丛书名: | ||
| 单 册: | ||
| 中图分类: | O611.4 | |
| 科图分类: | ||
| 主题词: | 无机化学 | |
| 电子资源: | ||
| ISBN: | 7-5025-1833-9 | |
| 000 | 00508nam0 2200181 450 | |
| 001 | 0754114953 | |
| 005 | 20070929150154.95 | |
| 010 | @a7-5025-1833-9 | |
| 100 | @a20070929d km y0chiy0120 ea | |
| 101 | 0 | @achi |
| 200 | 1 | @a现代无机合成@Axian dai wu ji he cheng@f刘祖武 编著@Fliu zu wu bian zhu |
| 210 | @a北京@c化学工业出版社@d1999 | |
| 215 | @a222@c插图@d26cm | |
| 606 | 0 | @a无机化学 |
| 690 | @aO611.4@v3 | |
| 701 | 0 | @a刘祖武@Aliu zu wu@4编著 |
| 801 | 0 | @aCN@bPFT@c20070929 |
| 905 | @a213230@dO611.4@eh28@f1 | |
| 现代无机合成/刘祖武 编著.-北京:化学工业出版社,1999 |
| 222:插图;26cm |
| ISBN 7-5025-1833-9: |
| ● |
| 相关链接 |
|
|
|
|
正题名:现代无机合成
索取号:O611.4/h28
 
预约/预借
| 序号 | 登录号 | 条形码 | 馆藏地/架位号 | 状态 | 备注 |
| 1 | 6000048 | 260000484 | 化学系资料室/ [索取号:O611.4/h28] | 在馆 |